Normal view
MARC view
- STATISTICS; MATHEMATICS
Entry Topical Term
001 - CONTROL NUMBER
- control field: 62374
003 - CONTROL NUMBER IDENTIFIER
- control field: NUST
005 - DATE AND TIME OF LATEST TRANSACTION
- control field: 20210628202929.0
008 - FIXED-LENGTH DATA ELEMENTS
- fixed length control field: 210628|| aca||aabn | a|a d
040 ## - CATALOGING SOURCE
- Original cataloging agency: NUST
- Transcribing agency: NUST
150 ## - HEADING--TOPICAL TERM
- Topical term or geographic name entry element: STATISTICS; MATHEMATICS
670 ## - SOURCE DATA FOUND
- Source citation: Work cat.: (NUST): Ledermann, W Lloyd, Emlyn 62373, Handbook of applicable mathematics, vol-vi,part-b, statistics, 1996
